The doctor looks at child labor. (Record no. 21350)

MARC details
000 -LEADER
fixed length control field 00725cam a22002291 4500
001 - CONTROL NUMBER
control field e 33001329
003 - CONTROL NUMBER IDENTIFIER
control field DLC
005 - DATE AND TIME OF LATEST TRANSACTION
control field 20260227111224.0
008 - FIXED-LENGTH DATA ELEMENTS--GENERAL INFORMATION
fixed length control field 800320s1929 nyu 000 0 eng
010 ## - LIBRARY OF CONGRESS CONTROL NUMBER
LC control number e 33001329
035 ## - SYSTEM CONTROL NUMBER
System control number (OCoLC)6108460
040 ## - CATALOGING SOURCE
Original cataloging agency DLC
Transcribing agency Vi
Modifying agency DLC
050 00 - LIBRARY OF CONGRESS CALL NUMBER
Classification number HD6250.U3
Item number N2 no. 356
110 2# - MAIN ENTRY--CORPORATE NAME
Corporate name or jurisdiction name as entry element National Child Labor Committee (U.S.)
Relator term comp.
245 14 - TITLE STATEMENT
Title The doctor looks at child labor.
260 ## - PUBLICATION, DISTRIBUTION, ETC.
Place of publication, distribution, etc. [New York city,
Date of publication, distribution, etc. 1929]
300 ## - PHYSICAL DESCRIPTION
Extent 21, [1] p.
Other physical details illus.
Dimensions 24 cm.
490 0# - SERIES STATEMENT
Series statement Publication
Volume/sequential designation no. 356
500 ## - GENERAL NOTE
General note A series of statements contributed by recognized medical authorities.
650 #0 - SUBJECT ADDED ENTRY--TOPICAL TERM
Topical term or geographic name entry element Children
General subdivision Health and hygiene
Geographic subdivision United States.
650 #0 - SUBJECT ADDED ENTRY--TOPICAL TERM
Topical term or geographic name entry element Child labor
Geographic subdivision United States.

No items available.

Powered by Koha